[Event "Challenge"]
[Site "http://www.queenalice.com/game.php?id=1266614"]
[Date "2014.3.20"]
[Round "-"]
[White "felipeborba"]
[Black "vivi_jamile"]
[Result "1-0"]
[WhiteElo "1332"]
[BlackElo "1353"]

1. e4 e5 2. Nf3 Nc6 3. Bc4 Bc5 4. d3 d6 5. Nc3 Be6 6. Bg5 Qd7 7. O-O Na5 8. Bb5
c6 9. Ba4 b5 10. Bb3 h6 11. Be3 Nxb3 12. axb3 Nf6 13. Nh4 Bg4 14. Ne2 O-O 15.
Qd2 a5 16. h3 Bb4 17. c3 Bc5 18. d4 exd4 19. cxd4 Bb4 20. Nc3 d5 21. hxg4 Qxg4
22. Nf5 Nxe4 23. Qd3 Qxf5 24. Ne2 Rae8 25. Ng3 Qg4 26. Rac1 Bd6 27. Rxc6 Nxg3
28. fxg3 Bxg3 29. Bf2 Re2 30. Bxg3 f5 31. Re1 Re4 32. Bf2 Rf6 33. Qxb5 f4 34.
Qxd5+ Rf7 35. Rxe4 Qd1+ 36. Re1 Qd2 37. Rc7 Qxb2 38. Qxf7+ Kh7 39. Qxg7# 1-0

[Event "Challenge"]
[Site "http://www.queenalice.com/game.php?id=1286396"]
[Date "2014.6.6"]
[Round "-"]
[White "felipeborba"]
[Black "Evjen"]
[Result "0-1"]
[WhiteElo "1405"]
[BlackElo "1346"]

1. e4 e5 2. Nf3 d5 3. Nc3 dxe4 4. Nxe4 Bg4 5. Bc4 Nf6 6. d3 Nxe4 7. O-O Nc6 8.
Qe2 Ng5 9. Bxg5 Be7 10. Bd2 Qd6 11. Qe4 Be6 12. Rae1 O-O-O 13. Qe3 Bxc4 14. dxc4
h6 0-1

[Event "Challenge"]
[Site "http://www.queenalice.com/game.php?id=1291024"]
[Date "2014.6.28"]
[Round "-"]
[White "felipeborba"]
[Black "gigimatto"]
[Result "1-0"]
[WhiteElo "1395"]
[BlackElo "1376"]

1. e4 e5 2. Nf3 d6 3. Nc3 c6 4. Bc4 Be6 5. b3 Nf6 6. d4 Qa5 7. Bd2 exd4 8. Nxd4
Bd5 9. exd5 cxd5 10. Nxd5 Nxd5 11. Bxa5 Nf4 12. Bb5+ Ke7 13. Qf3 g5 14. Nf5+ 1-0

[Event "Challenge"]
[Site "http://www.queenalice.com/game.php?id=1291026"]
[Date "2014.6.28"]
[Round "-"]
[White "felipeborba"]
[Black "gisa2010"]
[Result "1-0"]
[WhiteElo "1456"]
[BlackElo "1272"]

1. e4 e5 2. Nf3 d6 3. Nc3 g6 4. d4 exd4 5. Nxd4 Nf6 6. Bc4 Nc6 7. Bg5 Be7 8. Bh6
Bg4 9. Be2 Ne5 10. Qd2 Ng8 11. Nd5 c6 12. Ne3 Nxh6 13. h3 Bh5 14. g4 Bg5 15.
gxh5 gxh5 16. O-O-O c5 17. Nb5 a6 18. Nxd6+ Ke7 19. Qc3 Ng6 20. Nf5+ Nxf5 21.
Rxd8 Raxd8 22. Qxc5+ Nd6 23. Qxg5+ f6 24. Qc5 Rc8 25. Nf5+ Ke6 26. Qxd6+ Kf7 27.
Bxh5 Rhe8 28. Qd7+ Kf8 29. Qg7# 1-0

[Event "Challenge"]
[Site "http://www.queenalice.com/game.php?id=1291027"]
[Date "2014.6.28"]
[Round "-"]
[White "felipeborba"]
[Black "ThiagoSousa"]
[Result "0-1"]
[WhiteElo "1405"]
[BlackElo "1560"]

1. e4 c5 2. Bc4 e6 3. Nf3 Nc6 4. Nc3 g6 5. d4 cxd4 6. Nxd4 Bg7 7. Be3 Nge7 8.
Qf3 O-O 9. O-O Qb6 10. Nf5 Qd8 11. Nxg7 Kxg7 12. Qh3 d5 13. exd5 exd5 14. Qh6+
Kg8 15. Rad1 Bf5 16. Bg5 f6 17. Bh4 Bxc2 18. Rde1 dxc4 19. Ne4 Bxe4 20. Rxe4 Nf5
21. Qf4 Nxh4 22. Qxh4 f5 23. Qf4 fxe4 24. Qxe4 Qe8 25. Qxc4+ Qf7 26. Qh4 Rad8
27. f4 Rd2 28. h3 Rxb2 29. Rf3 Qxa2 30. f5 Rxg2+ 31. Kh1 Rh2+ 32. Kg1 Qg2# 0-1

[Event "Challenge"]
[Site "http://www.queenalice.com/game.php?id=1291572"]
[Date "2014.6.30"]
[Round "-"]
[White "felipeborba"]
[Black "Arianna"]
[Result "1-0"]
[WhiteElo "1416"]
[BlackElo "1340"]

1. e4 e5 2. Nf3 f6 3. Nc3 Nc6 4. Bc4 Nd4 5. d3 Nxf3+ 6. gxf3 Bc5 7. Be3 Bxe3 8.
fxe3 a6 9. f4 b5 10. Bb3 Ne7 11. fxe5 fxe5 12. Qf3 g6 13. Qf7# 1-0

[Event "Challenge"]
[Site "http://www.queenalice.com/game.php?id=1292251"]
[Date "2014.7.3"]
[Round "-"]
[White "felipeborba"]
[Black "marcomasa"]
[Result "1-0"]
[WhiteElo "1376"]
[BlackElo "1712"]

1. e4 e5 2. Nf3 Nc6 3. Nc3 Bc5 4. Bc4 h6 5. d3 Nf6 6. Be3 Bxe3 7. fxe3 d6 8. d4
Qe7 9. d5 Nb4 10. Nh4 Na6 11. Qf3 Nc5 12. O-O-O Bg4 13. Qg3 Bxd1 14. Rxd1 Nh5
15. Qg4 g6 16. Bb5+ Nd7 17. Nxg6 Nf6 18. Qf5 fxg6 19. Qxg6+ Qf7 20. Qf5 O-O-O
21. Qf1 Rh7 22. Na4 Rg7 23. Qc4 Rxg2 24. b4 Ng4 25. Rd3 Rg1+ 26. Kb2 Qf1 27. Ka3
Qc1+ 28. Nb2 Nb6 29. Qb3 Nxh2 30. c4 a6 31. Rc3 Qd2 32. Ba4 Ng4 33. c5 Nxa4 34.
Nxa4 Rg3 35. cxd6 Nxe3 36. Nb6+ Kb8 37. dxc7+ Ka7 38. cxd8=Q Nc2+ 39. Ka4 Qxc3
40. Ka5 Rg8 41. Qxg8 1-0

[Event "Challenge"]
[Site "http://www.queenalice.com/game.php?id=1292290"]
[Date "2014.7.3"]
[Round "-"]
[White "felipeborba"]
[Black "Lemur"]
[Result "1-0"]
[WhiteElo "1349"]
[BlackElo "1125"]

1. e4 e5 2. Nf3 Bd6 3. Nc3 Nf6 4. Bc4 O-O 5. d3 Nc6 6. Bg5 Nb4 7. Nh4 Bc5 8. Qe2
b6 9. O-O-O d5 10. exd5 h6 11. Bxf6 gxf6 12. Qh5 Bd4 13. Ne4 f5 14. Ng3 e4 15.
Ngxf5 Bxf2 16. Qxh6 a5 17. Qg7# 1-0

[Event "Challenge"]
[Site "http://www.queenalice.com/game.php?id=1292291"]
[Date "2014.7.3"]
[Round "-"]
[White "felipeborba"]
[Black "JeanCanada"]
[Result "0-1"]
[WhiteElo "1429"]
[BlackElo "1387"]

1. e4 e5 2. Nf3 d6 3. Nc3 Nc6 4. Bc4 Bg4 5. d3 Nd4 6. Bg5 f6 7. Bh4 g5 8. Bg3
Nh6 9. Qd2 Bxf3 10. gxf3 Nxf3+ 11. Ke2 Nxd2 12. Kxd2 f5 13. f4 gxf4 14. Bf2 fxe4
15. dxe4 c5 16. Bd5 Rb8 17. Nb5 Qa5+ 18. Nc3 Ng4 19. Bh4 Bh6 20. Ke2 Qa6+ 21.
Kd2 f3+ 22. Kd1 Ne3+ 23. Ke1 Nxc2+ 24. Kf2 Qd3 25. Kg1 Nxa1 26. h3 Rg8+ 27. Bxg8
Be3+ 28. Kh2 Bf4+ 29. Kg1 Qe3+ 30. Bf2 Qd2 31. Nd5 Qd1+ 32. Be1 Qxe1# 0-1

[Event "Challenge"]
[Site "http://www.queenalice.com/game.php?id=1292409"]
[Date "2014.7.4"]
[Round "-"]
[White "felipeborba"]
[Black "ayanami"]
[Result "1-0"]
[WhiteElo "1410"]
[BlackElo "1151"]

1. e4 e5 2. Nf3 f6 3. Nc3 Be7 4. Bc4 c6 5. d4 d5 6. Bb3 Nd7 7. Be3 b5 8. exd5
cxd5 9. Nxd5 Nb6 10. Nc3 Bb4 11. O-O Na4 12. Qe2 Bd7 13. Nxb5 Nxb2 14. dxe5 Ne7
15. exf6 gxf6 16. Nd6+ Kf8 17. Bh6# 1-0

[Event "Challenge"]
[Site "http://www.queenalice.com/game.php?id=1292411"]
[Date "2014.7.4"]
[Round "-"]
[White "vivi_jamile"]
[Black "felipeborba"]
[Result "0-1"]
[WhiteElo "1336"]
[BlackElo "1356"]

1. e4 e5 2. Nf3 Nc6 3. Bc4 Nf6 4. d3 Bc5 5. Be3 d6 6. O-O Bg4 7. Nc3 Nh5 8. Bg5
Qd7 9. Na4 f6 10. Nxc5 dxc5 11. Bh4 O-O-O 12. c3 Nf4 13. b4 cxb4 14. cxb4 Nxb4
15. Qb3 Bxf3 16. gxf3 Nbxd3 17. Bb5 Qh3 18. Rfd1 Qg2# 0-1

[Event "First"]
[Site "http://www.queenalice.com/game.php?id=1297225"]
[Date "2014.7.25"]
[Round "-"]
[White "felipeborba"]
[Black "brunosilva_"]
[Result "0-1"]
[WhiteElo "1416"]
[BlackElo "1500"]

1. e4 e5 2. Nf3 Nc6 3. Bd3 Bc5 4. Bc4 h6 5. d3 Nf6 6. Nh4 O-O 7. O-O d5 8. exd5
Nxd5 9. Qf3 Be6 10. Qg3 g5 11. Be3 Bxe3 12. fxe3 Kh8 13. Nf3 Nxe3 14. Rf2 Nxc4
15. dxc4 Bxc4 16. Nbd2 Qd5 17. Re1 Rfe8 18. b3 Ba6 19. c4 Qc5 20. Ne4 Qa3 21.
Nf6 Re6 22. Nh5 Rd8 23. Nxe5 Nxe5 24. Rxe5 Rde8 25. h4 Rxe5 26. hxg5 Qc1+ 27.
Kh2 Qxg5 28. Nf6 Qxg3+ 29. Kxg3 R8e6 30. Ng4 Rg6 31. Rxf7 Reg5 32. Kh4 Rxg4+ 33.
Kh5 R6g5+ 34. Kxh6 Rxg2 35. a4 b6 36. Rxc7 R5g3 37. Rxa7 Rh2# 0-1

[Event "Challenge"]
[Site "http://www.queenalice.com/game.php?id=1297824"]
[Date "2014.7.29"]
[Round "-"]
[White "felipeborba"]
[Black "vierad2"]
[Result "1-0"]
[WhiteElo "1411"]
[BlackElo "1415"]

1. e4 e5 2. Nf3 Nc6 3. Nc3 d6 4. Bc4 Bg4 5. d3 Nd4 6. Bg5 f6 7. Bh4 g5 8. Bg3 c6
9. Qd2 Bxf3 10. O-O Bh5 11. Rae1 b5 12. Bb3 a5 13. a4 b4 14. Na2 Nh6 15. c3 bxc3
16. Qxc3 c5 17. Bd5 Ra7 18. Qc4 Be2 19. Nc3 Bxf1 20. Kxf1 Qb8 21. Nb5 Nxb5 22.
axb5 a4 23. Bc6+ Ke7 24. f4 gxf4 25. Bh4 Ng4 26. Kg1 h5 27. h3 Ne3 28. Qc1 Rg8
29. Rxe3 fxe3 30. Qxe3 a3 31. Qf2 a2 32. Qxf6# 1-0

[Event "Challenge"]
[Site "http://www.queenalice.com/game.php?id=1297935"]
[Date "2014.7.29"]
[Round "-"]
[White "felipeborba"]
[Black "marcomasa"]
[Result "0-1"]
[WhiteElo "1462"]
[BlackElo "1703"]

1. e4 e5 2. Nf3 Nc6 3. d3 Bc5 4. Bg5 Nf6 5. Nc3 d6 6. Be2 Qd7 7. h3 Qe7 8. Qd2
a6 9. O-O-O Bxf2 10. Rhf1 Bg3 11. Bxf6 Qxf6 12. Ng5 Bf4 13. Rxf4 Qxf4 14. Nf3
Qxd2+ 15. Nxd2 Be6 16. Na4 b5 17. Nc3 Ne7 18. Nf3 f6 19. d4 O-O 20. Nh4 Nc8 21.
Bg4 Bxg4 22. hxg4 Nb6 23. dxe5 dxe5 24. Nf5 c6 25. Rd6 b4 26. Ne2 Rfd8 27. Rxc6
Rab8 28. Neg3 Rb7 29. g5 Rbd7 30. b3 Rb8 31. gxf6 g6 32. Nh6+ Kf8 33. Re6 a5 34.
Rxe5 a4 35. Rb5 a3 36. Ng4 Rbd8 37. Ne3 Rd6 38. e5 Re6 39. Ngf1 Nd7 40. Rd5 Rxe5
41. c4 bxc3 42. Kc2 Rxd5 43. Nxd5 Rc8 44. Ng3 Kf7 45. Ne4 Ke6 46. Nf4+ Ke5 47.
Nxc3 Kxf4 48. Kd3 Nxf6 49. Ne2+ Kg4 50. g3 Nh5 51. Nd4 Nxg3 52. b4 Nf5 53. Ne2
Nd6 54. Kd4 Nb5+ 55. Ke4 Nc3+ 56. Nxc3 Rxc3 57. b5 Rc2 58. b6 Rxa2 59. b7 Rb2
60. b8=Q Rxb8 61. Kd5 h5 62. Kc6 Kf5 0-1

[Event "Challenge"]
[Site "http://www.queenalice.com/game.php?id=1307261"]
[Date "2014.9.9"]
[Round "-"]
[White "felipeborba"]
[Black "JeanCanada"]
[Result "0-1"]
[WhiteElo "1456"]
[BlackElo "1456"]

1. e4 e5 2. Nf3 Nc6 3. Nc3 d6 4. h3 a5 5. Bb5 Qf6 6. Nd5 Qd8 7. d4 Be6 8. Ng5 f6
9. Nxe6 Qc8 10. Qg4 Kf7 11. Ndxc7 Nxd4 12. Be8+ Ke7 13. Qh5 g6 14. Qg4 Nxe6 0-1

[Event "Challenge"]
[Site "http://www.queenalice.com/game.php?id=1307262"]
[Date "2014.9.9"]
[Round "-"]
[White "vierad2"]
[Black "felipeborba"]
[Result "1-0"]
[WhiteElo "1509"]
[BlackElo "1417"]

1. e4 e5 2. Nf3 Nc6 3. c3 Nf6 4. d4 exd4 5. cxd4 Nxe4 6. Qe2 Bb4+ 7. Bd2 d5 8.
Ne5 Nxd4 9. Qd3 Nxf2 10. Kxf2 Qf6+ 11. Nf3 Bc5 12. Be3 Bf5 13. Bg5 Nc2+ 14. Kg3
Bxd3 15. Bxf6 Nxa1 16. Bxg7 Rg8 17. Bxd3 Rxg7+ 18. Kh3 O-O-O 19. Nbd2 Rdg8 20.
g3 Rf8 21. Rxa1 f5 22. Ne5 f4 23. g4 h5 24. Bf5+ Kd8 25. Nb3 Bf2 26. Rf1 Be3 27.
Na5 hxg4+ 28. Bxg4 1-0

[Event "Challenge"]
[Site "http://www.queenalice.com/game.php?id=1307264"]
[Date "2014.9.9"]
[Round "-"]
[White "felipeborba"]
[Black "vanderlan"]
[Result "0-1"]
[WhiteElo "1427"]
[BlackElo "1876"]

1. e4 e5 2. Nf3 Nc6 3. Nc3 Bc5 4. Bc4 Nf6 5. O-O d6 6. h3 Be6 7. Bxe6 fxe6 8. d3
a6 9. Ng5 Qe7 10. a3 h6 11. Nf3 g5 12. g4 O-O-O 13. b4 Ba7 14. b5 Nd4 15. a4 h5
16. Bxg5 hxg4 17. Nh4 Rdg8 18. Qd2 gxh3 19. Kh2 Ng4+ 20. Kxh3 Rxg5 21. Rg1 Rxh4+
22. Kg3 Nh2+ 23. Kxh4 Ndf3+ 0-1

[Event "Challenge"]
[Site "http://www.queenalice.com/game.php?id=1307265"]
[Date "2014.9.9"]
[Round "-"]
[White "felipeborba"]
[Black "mitsho"]
[Result "0-1"]
[WhiteElo "1440"]
[BlackElo "1762"]

1. e4 c5 2. Nf3 Nc6 3. d4 cxd4 4. Nxd4 Nxd4 5. Qxd4 d6 6. Nc3 e5 7. Qd5 Nf6 8.
Qd3 Be7 9. Bg5 O-O 10. Qg3 Nh5 11. Qh4 Bxg5 12. Qxh5 g6 13. Qd1 Be6 14. Nb5 Qb6
15. Nxd6 Rad8 16. c4 Rxd6 17. Qf3 Qb4+ 0-1

[Event "Challenge"]
[Site "http://www.queenalice.com/game.php?id=1307267"]
[Date "2014.9.9"]
[Round "-"]
[White "felipeborba"]
[Black "ThiagoSousa"]
[Result "0-1"]
[WhiteElo "1465"]
[BlackElo "1642"]

1. e4 c5 2. Bc4 e6 3. e5 Nc6 4. Nf3 Nge7 5. Nc3 a6 6. b4 Nxb4 7. a3 Nbd5 8. O-O
b5 9. Bd3 Bb7 10. Be4 Nxc3 11. dxc3 Bxe4 12. Ng5 Bd5 13. Be3 Nf5 14. Qh5 g6 15.
Qh3 Nxe3 16. Qxe3 Be7 17. Nh3 Qb6 18. c4 Bxc4 19. Rfd1 d6 20. exd6 Bxd6 21. Rd2
Qc7 22. g3 Be5 23. Rad1 O-O 24. Rd7 Qb6 25. Qxe5 Rad8 0-1

[Event "Challenge"]
[Site "http://www.queenalice.com/game.php?id=1307268"]
[Date "2014.9.9"]
[Round "-"]
[White "felipeborba"]
[Black "Arianna"]
[Result "0-1"]
[WhiteElo "1437"]
[BlackElo "1340"]

1. e4 e5 2. Nf3 d6 3. d4 Nf6 4. Nbd2 Be7 5. dxe5 Nxe4 6. Nxe4 O-O 7. Bg5 Bf5 8.
Nf6+ gxf6 9. exf6 Bxf6 10. Bh6 Bg7 11. Qd2 Qf6 12. Bg5 Qe6+ 13. Be2 f6 14. Nd4
Qe5 15. Bf4 Qe8 16. Nxf5 Nc6 17. O-O Ne7 18. Bd3 Nxf5 19. Bxf5 Kf7 20. Bxh7 Rh8
21. Qd5+ Qe6 0-1